000 003820000a22001210004500
090 _aAS
_bSeriadas
100 1 _aCuartas Calle, Carlos Arturo
_937503
700 1 _aMuñoz Arango, Javier
_916686
245 1 0 _aLista de los mamíferos (Mammalia: Theria) del departamento de Antioquia, Colombia
041 0 _aEspañol
942 _cARTICULO
773 1 _tBiota Colombiana
_h1
_q65-78
_d2003
_g4
999 _c15661
_d15661